[Event "Herne UFO op 9th"]
[Site "Herne"]
[Date "2018.06.02"]
[Round "6"]
[White "Althoff, Ralph"]
[Black "Wiegersma, Justus"]
[Result "1-0"]
[WhiteElo "2077"]
[BlackElo "1931"]
[PlyCount "100"]
[EventDate "2018.05.30"]
[EventType "swiss"]
[EventRounds "7"]
[EventCountry "GER"]
[SourceTitle "CBM 184 Extra"]
[Source "ChessBase"]
[SourceDate "2018.06.28"]
[SourceVersion "1"]
[SourceVersionDate "2018.06.28"]
[SourceQuality "1"]

1. d4 Nf6 2. Nf3 d5 3. Bf4 c5 4. e3 Nc6 5. Nbd2 cxd4 6. exd4 Qb6 7. Nb3 Bg4 8. Be2 e6 9. 0-0 Be7 10. a4 0-0 11. a5 Qd8 12. h3 Bf5 13. c3 a6 14. Ne5 Ne4 15. f3 Nd6 16. Nxc6 bxc6 17. Nc5 Nc4 18. b4 Bxc5 19. bxc5 Qd7 20. Qb3 e5 21. dxe5 Rfb8 22. Qd1 Qe7 23. Qd4 Rb5 24. Bxc4 dxc4 25. Qd6 Qe6 26. g4 Bd3 27. Rf2 Re8 28. Raa2 Qd5 29. Qxd5 cxd5 30. Be3 Rxe5 31. Bd4 Re1+ 32. Kh2 Re6 33. Rfb2 Rxb2+ 34. Rxb2 Kf8 35. Rb8+ Ke7 36. Bxg7 Bc2 37. Rb7+ Ke8 38. Rb6 Ba4 39. Rb8+ Kd7 40. Bd4 Rc6 41. Kg3 Ke7 42. Rb7+ Ke8 43. f4 Re6 44. f5 Re1 45. f6 Re6 46. Kh4 Rc6 47. Kg5 Bc2 48. h4 Be4 49. Rb8+ Kd7 50. Rf8 Ke6 1-0

[Event "Goch op 26th"]
[Site "Goch"]
[Date "2015.09.06"]
[Round "6"]
[White "Wiegersma, Justus"]
[Black "Kleinschmidt, Irmtraud"]
[Result "1-0"]
[WhiteElo "1314"]
[BlackElo "1445"]
[PlyCount "145"]
[EventDate "2015.09.03"]
[EventType "swiss"]
[EventRounds "7"]
[EventCountry "GER"]
[SourceTitle "EXT 2018"]
[Source "ChessBase"]
[SourceDate "2017.10.13"]
[SourceVersion "1"]
[SourceVersionDate "2017.10.13"]
[SourceQuality "1"]

1. d4 e6 2. Bf4 d5 3. Nf3 Nf6 4. e3 Be7 5. Bd3 0-0 6. c3 Bd6 7. Bg3 Bxg3 8. hxg3 g6 9. Qc2 Nc6 10. Ng5 Qe7 11. f4 Re8 12. Rh4 Qf8 13. Nd2 Qg7 14. e4 h6 15. Ngf3 Nxe4 16. Nxe4 dxe4 17. Bxe4 Ne7 18. 0-0-0 Nf5 19. Bxf5 exf5 20. Rhh1 Be6 21. Rhe1 Bd5 22. Rxe8+ Rxe8 23. Qa4 Qf8 24. Qxa7 Bxf3 25. gxf3 Qe7 26. Qxb7 Qe3+ 27. Kc2 Qe2+ 28. Rd2 Qc4 29. Qb3 Qf1 30. Qb7 Re2 31. Rxe2 Qxe2+ 32. Kb3 Qe6+ 33. Kb4 Qxa2 34. b3 Qf2 35. Qxc7 Qxf3 36. Qd8+ Kg7 37. d5 Qxg3 38. c4 Qxf4 39. d6 Qd2+ 40. Kb5 f4 41. Qe7 f3 42. Qe5+ Kh7 43. Qe8 Qg5+ 44. c5 Qf6 45. Qe1 Qe6 46. Qxe6 fxe6 47. d7 f2 48. d8Q f1Q+ 49. Kb6 Qf7 50. Qc7 Qxc7+ 51. Kxc7 h5 52. Kb6 Kh6 53. c6 Kg5 54. c7 Kh4 55. c8Q g5 56. Qc4+ g4 57. Qf4 Kh3 58. Qg5 h4 59. Kc5 Kg3 60. Qe3+ Kg2 61. Qe2+ Kg3 62. Qf1 h3 63. Qh1 Kh4 64. Kd4 g3 65. Ke3 g2 66. Qh2 Kg4 67. b4 Kh4 68. b5 e5 69. b6 e4 70. b7 Kg4 71. b8Q Kh4 72. Qbg3+ Kh5 73. Qhxh3# 1-0

[Event "Goch op 26th"]
[Site "Goch"]
[Date "2015.09.03"]
[Round "1"]
[White "Wiegersma, Justus"]
[Black "Dohmes, Herbert"]
[Result "0-1"]
[WhiteElo "1314"]
[BlackElo "2103"]
[PlyCount "58"]
[EventDate "2015.09.03"]
[EventType "swiss"]
[EventRounds "7"]
[EventCountry "GER"]
[SourceTitle "EXT 2018"]
[Source "ChessBase"]
[SourceDate "2017.10.13"]
[SourceVersion "1"]
[SourceVersionDate "2017.10.13"]
[SourceQuality "1"]

1. Nf3 Nf6 2. d4 e6 3. Bf4 b6 4. e3 Bb7 5. Nbd2 Be7 6. Bd3 d5 7. c3 Nbd7 8. Qc2 c5 9. b3 Rc8 10. a3 h6 11. h3 g5 12. Bh2 g4 13. hxg4 Nxg4 14. Bf4 cxd4 15. exd4 Nf8 16. Ne5 Nxe5 17. Bxe5 Bf6 18. Nf3 Bxe5 19. Nxe5 Qg5 20. Bb5+ Ke7 21. Rh2 Qf4 22. g3 Qxd4 23. cxd4 Rxc2 24. Ng4 h5 25. Ne3 Rc3 26. b4 Ng6 27. Ng2 e5 28. dxe5 Nxe5 29. Kd2 d4 0-1